| 000 | 00473nam a2200193Ia 4500 | ||
|---|---|---|---|
| 008 | 170705s9999 xx 000 0 und d | ||
| 020 | _a9780439452199 | ||
| 245 | _aTera, star student / | ||
| 245 | _cShana Corey ; pictures by Mark Teague. | ||
| 260 | _aNew York : | ||
| 260 | _bScholastic, | ||
| 260 | _c2003 | ||
| 300 | _aunpaged : | ||
| 300 | _bcolor illustration ; | ||
| 300 | _c23cm. | ||
| 440 | _aFirst graders from Mars ; | ||
| 440 | _v4 | ||
| 500 | _a170 | ||
| 999 |
_c336855 _d336855 |
||